<?xml version="1.0" encoding="UTF-8"?>
<record
    xmlns:xsi="http://www.w3.org/2001/XMLSchema-instance"
    xsi:schemaLocation="http://www.loc.gov/MARC21/slim http://www.loc.gov/standards/marcxml/schema/MARC21slim.xsd"
    xmlns="http://www.loc.gov/MARC21/slim">

  <leader>02440cam a2200361 a 4500</leader>
  <datafield tag="999" ind1=" " ind2=" ">
    <subfield code="c">330888</subfield>
    <subfield code="d">330888</subfield>
  </datafield>
  <controlfield tag="001">17184077</controlfield>
  <controlfield tag="003">NUST</controlfield>
  <controlfield tag="005">20170823140605.0</controlfield>
  <controlfield tag="008">120227s2012    caua     b    001 0 eng  </controlfield>
  <datafield tag="010" ind1=" " ind2=" ">
    <subfield code="a">  2012357086</subfield>
  </datafield>
  <datafield tag="020" ind1=" " ind2=" ">
    <subfield code="a">9781111521271 (pbk.)</subfield>
  </datafield>
  <datafield tag="020" ind1=" " ind2=" ">
    <subfield code="z">1111521271 (pbk.)</subfield>
  </datafield>
  <datafield tag="035" ind1=" " ind2=" ">
    <subfield code="a">(OCoLC)ocn750116049</subfield>
  </datafield>
  <datafield tag="040" ind1=" " ind2=" ">
    <subfield code="a">AU@</subfield>
    <subfield code="b">eng</subfield>
    <subfield code="c">AU@</subfield>
    <subfield code="d">UNL</subfield>
    <subfield code="d">YDXCP</subfield>
    <subfield code="d">OUN</subfield>
    <subfield code="d">MUU</subfield>
    <subfield code="d">DLC</subfield>
  </datafield>
  <datafield tag="042" ind1=" " ind2=" ">
    <subfield code="a">lccopycat</subfield>
  </datafield>
  <datafield tag="050" ind1="0" ind2="0">
    <subfield code="a">HF5381</subfield>
    <subfield code="b">.Z87 2012</subfield>
  </datafield>
  <datafield tag="082" ind1="0" ind2="4">
    <subfield code="a">153.94 OSB</subfield>
    <subfield code="2">22</subfield>
  </datafield>
  <datafield tag="100" ind1="1" ind2=" ">
    <subfield code="a">Zunker, Vernon G.,</subfield>
    <subfield code="d">1927-</subfield>
    <subfield code="9">4035</subfield>
  </datafield>
  <datafield tag="245" ind1="1" ind2="0">
    <subfield code="a">Using assessment results for career development :</subfield>
    <subfield code="b">career counseling : a holistic approach /</subfield>
    <subfield code="c">Vernon Zunker ; prepared by Debra Osborn, Vernon Zunker.</subfield>
  </datafield>
  <datafield tag="250" ind1=" " ind2=" ">
    <subfield code="a">8th ed.</subfield>
  </datafield>
  <datafield tag="260" ind1=" " ind2=" ">
    <subfield code="a">Belmont, CA :</subfield>
    <subfield code="b">Brooks/Cole Cengage Learning,</subfield>
    <subfield code="c">c2012.</subfield>
  </datafield>
  <datafield tag="300" ind1=" " ind2=" ">
    <subfield code="a">ix, 249, [34] p. :</subfield>
    <subfield code="b">ill. ;</subfield>
    <subfield code="c">28 cm.</subfield>
  </datafield>
  <datafield tag="500" ind1=" " ind2=" ">
    <subfield code="a">Osborn's name appears first in the 7th ed.</subfield>
  </datafield>
  <datafield tag="500" ind1=" " ind2=" ">
    <subfield code="a">Osborn's name appears first on the cover of the 8th ed.</subfield>
  </datafield>
  <datafield tag="504" ind1=" " ind2=" ">
    <subfield code="a">Includes bibliographical references and indexes.</subfield>
  </datafield>
  <datafield tag="505" ind1="0" ind2=" ">
    <subfield code="a">A conceptual model for using assessment results -- Interpreting assessment results -- Some measurement concepts -- Ethics and career assessment. -- Aptitude and achievement tests -- Interest inventories -- Personality inventories -- Career decision inventories -- Computer-assisted career guidance and online career assessments -- Card sorts and other non-standardized assessment approaches -- Combining assessment results.</subfield>
  </datafield>
  <datafield tag="520" ind1=" " ind2=" ">
    <subfield code="a">"An excellent resource in both career development and tests and measurement courses, USING ASSESSMENT RESULTS FOR CAREER DEVELOPMENT, 8e vividly illustrates how to use assessment instruments to increase clients' self-awareness and help them make rational career choices. Extremely practical, this hands-on worktext delivers detailed information on applying knowledge of tests and measurements in clinical settings and using assessment results in a wide variety of counseling situations. Through case studies, charts, bulleted/numbered lists, dialogues, agency addresses, and more, students learn to truly master the use of assessment results."--Publisher's website.</subfield>
  </datafield>
  <datafield tag="650" ind1=" " ind2="0">
    <subfield code="a">Vocational guidance.</subfield>
    <subfield code="9">4031</subfield>
  </datafield>
  <datafield tag="650" ind1=" " ind2="0">
    <subfield code="a">Occupational aptitude tests.</subfield>
    <subfield code="9">4036</subfield>
  </datafield>
  <datafield tag="650" ind1=" " ind2="0">
    <subfield code="a">Vocational interests.</subfield>
    <subfield code="9">4037</subfield>
  </datafield>
  <datafield tag="700" ind1="1" ind2=" ">
    <subfield code="a">Osborn, Debra S.,</subfield>
    <subfield code="d">1968-</subfield>
    <subfield code="9">4038</subfield>
  </datafield>
  <datafield tag="906" ind1=" " ind2=" ">
    <subfield code="a">7</subfield>
    <subfield code="b">cbc</subfield>
    <subfield code="c">copycat</subfield>
    <subfield code="d">3</subfield>
    <subfield code="e">ncip</subfield>
    <subfield code="f">20</subfield>
    <subfield code="g">y-gencatlg</subfield>
  </datafield>
  <datafield tag="942" ind1=" " ind2=" ">
    <subfield code="2">ddc</subfield>
    <subfield code="c">BK</subfield>
  </datafield>
  <datafield tag="952" ind1=" " ind2=" ">
    <subfield code="0">0</subfield>
    <subfield code="1">0</subfield>
    <subfield code="2">ddc</subfield>
    <subfield code="4">0</subfield>
    <subfield code="7">0</subfield>
    <subfield code="8">NFIC</subfield>
    <subfield code="a">CL</subfield>
    <subfield code="b">CL</subfield>
    <subfield code="c">GEN</subfield>
    <subfield code="d">2017-08-23</subfield>
    <subfield code="l">1</subfield>
    <subfield code="o">153.94 OSB</subfield>
    <subfield code="p">S3H-C-03</subfield>
    <subfield code="r">2023-10-05</subfield>
    <subfield code="s">2019-10-02</subfield>
    <subfield code="w">2017-08-23</subfield>
    <subfield code="y">BK</subfield>
  </datafield>
</record>
